000 01690nam a2200409 a 4500
001 ebr10235121
003 CaPaEBR
006 m u
007 cr cn|||||||||
008 070906s2008 inu sb 001 0 eng d
010 _z 2007036772
020 _z9780253350732 (cloth : alk. paper)
020 _z0253350735 (cloth : alk. paper)
020 _z9780253219589 (pbk. : alk. paper)
020 _z0253219582 (pbk. : alk. paper)
040 _aCaPaEBR
_cCaPaEBR
035 _a(OCoLC)248531713
050 1 4 _aBD436
_b.T73 2008eb
082 0 4 _a190
_222
245 0 0 _aTransforming philosophy and religion
_h[electronic resource] :
_blove's wisdom /
_cedited by Norman Wirzba & Bruce Ellis Benson.
260 _aBloomington :
_bIndiana University Press,
_cc2008.
300 _avi, 263 p.
490 1 _aIndiana series in the philosophy of religion
504 _aIncludes bibliographical references and index.
505 0 _apt. 1. The nature of the quest -- pt. 2. Injustice -- pt. 3. The sacred -- pt. 4. Rethinking humanity.
533 _aElectronic reproduction.
_bPalo Alto, Calif. :
_cebrary,
_d2013.
_nAvailable via World Wide Web.
_nAccess may be limited to ebrary affiliated libraries.
650 0 _aLove.
650 0 _aPhilosophy.
650 0 _aReligion
_xPhilosophy.
650 0 _aLove
_xReligious aspects
_xChristianity.
655 7 _aElectronic books.
_2local
700 1 _aWirzba, Norman.
700 1 _aBenson, Bruce Ellis,
_d1960-
710 2 _aebrary, Inc.
830 0 _aIndiana series in the philosophy of religion.
856 4 0 _uhttp://site.ebrary.com/lib/rucke/Doc?id=10235121
_zAn electronic book accessible through the World Wide Web; click to view
999 _c38686
_d38686